| 000 | 00713nam a2200229 a 4500 | ||
|---|---|---|---|
| 001 | 57181 | ||
| 003 | BD-RjUL | ||
| 005 | 20211209080457.0 | ||
| 008 | 161206s19561924enk||||| |||| 00| 0 eng d | ||
| 035 | _a(BD-RjUL)57305 | ||
| 040 |
_aBD-RjUL _beng _cBD-RjUL _dBD-RjUL |
||
| 041 | _aeng | ||
| 082 |
_223 _a610.695 _bSCM 1956 |
||
| 100 | 1 |
_aSchweitzer, Albert. _9169835 |
|
| 245 |
_aMemoirs of childhood and youth / _cAlbert Schweitzer, Translated by C. T. Campion |
||
| 260 |
_aLondon : _bG. Allen & Unwin, _cc1924 [ impression 1956 ] |
||
| 300 |
_a108 p. ; _c18 cm. |
||
| 600 |
_aSchweitzer, Albert. _y1875-1965. _9169836 |
||
| 650 |
_aPhysicians _9169467 |
||
| 700 |
_aCampion, C. T. _9169837 |
||
| 942 |
_2ddc _cBK |
||
| 999 |
_c57181 _d57181 |
||